000 01054nam0a22002891 4500
001 rc\4041205
005 20130415140511.0
021 _aRU
_b[53-38084]
035 _a(NLR Aleph) 008099402
090 _a9234350
_c9234350
100 _a20130415d1953 |||y0rusy50 ca
101 0 _arus
102 _aRU
105 _aa z |||||
200 1 _aУвеличение срока службы аккумуляторных батарей
210 _aКиев
_cГостехиздат УССР
_d1953
215 _a80 с.
_cил.
_d20
300 _aПеред загл. авт.: Е.В. Зеленчук, Л.М. Зельдес, М.В. Корогодский
606 _aАккумуляторные батареи
_xЭксплуатация
_2psbo
700 1 _aЗеленчук
_bЕ. В.
_gЕвгений Васильевич
701 1 _aЗельдес
_bЛ. М.
_gЛеонид Марк
701 1 _aКорогодский
_bМ. В.
801 0 _aRU
_bNLR
_gpsbo
801 1 _aRU
_bELAR
_2rusmarc
852 _aNLR
_jТ20 Г-4/1690
942 _cBOOK
980 _aNB